| 000 | 00944cam a22002415a 4500 | ||
|---|---|---|---|
| 001 | L138744 | ||
| 008 | 070709s2007 xxkd f s 000 0 eng d | ||
| 020 | _a9781904829645 | ||
| 035 | _a(Sirsi) u138744 | ||
| 041 | 0 | _aeng | |
| 050 | 0 | 4 | _a690.24 $2 18 |
| 110 | 2 |
_aBuilding Maintenance Information _93229 |
|
| 245 | 0 | 0 | _aReview of occupancy costs 2007 |
| 260 |
_aLondon _bBCIS _c2007 |
||
| 300 |
_a115p. _c30cm. |
||
| 490 | 0 |
_aBMI Special Report _v362 |
|
| 520 | _aContains estimates of the annual average occupancy costs (cleaning, utilities and administrative costs) for a range of building types including: industrial; administrative; retail; emergency; health; homes (welfare); recreational; religious; educational, scientific and information; and residential. | ||
| 590 | _aKA | ||
| 651 | 4 |
_aUnited Kingdom _y |
|
| 690 | _aPROPERTY-PROPERTY MANAGEMENT-OCCUPANCY COSTS | ||
| 690 | _aBUILT ENVIRONMENT-BUILDING COSTS | ||
| 942 | _n0 | ||
| 999 |
_c107245 _d107245 |
||